[Event "ITA-ch U16"]
[Site "Montesilvano"]
[Date "2015.07.05"]
[Round "9"]
[White "Wang, Cesare"]
[Black "Balzan, Alessandro"]
[Result "1/2-1/2"]
[WhiteElo "1920"]
[BlackElo "1949"]
[PlyCount "73"]
[EventDate "2015.06.29"]
[EventType "swiss"]
[EventRounds "9"]
[EventCountry "ITA"]
[SourceTitle "EXT 2024"]
[Source "ChessBase"]
[SourceDate "2023.10.10"]
[SourceVersion "1"]
[SourceVersionDate "2023.10.10"]
[SourceQuality "1"]

1. d4 d5 2. c4 e6 3. Nf3 a6 4. g3 dxc4 5. Bg2 c5 6. 0-0 cxd4 7. Qxd4 Qxd4 8. Nxd4 Bc5 9. Be3 Ne7 10. Nd2 c3 11. bxc3 Nd7 12. Rab1 Rb8 13. Ne4 b6 14. Nxc5 bxc5 15. Nc6 Rxb1 16. Rxb1 Nd5 17. Bd2 f6 18. Na7 Ke7 19. Bf1 f5 20. e3 Ne5 21. Nxc8+ Rxc8 22. Kg2 c4 23. f3 h6 24. Kf2 Rc6 25. h3 Rc7 26. e4 fxe4 27. fxe4 Nf6 28. Ke3 Rc5 29. Rb4 Nfd7 30. Bc1 Ra5 31. a3 Rb5 32. a4 Rc5 33. Ba3 Kf6 34. Be2 g6 35. Rb7 Ra5 36. Rb4 Rc5 37. Rb7 1/2-1/2

[Event "ITA-ch U12"]
[Site "Courmayeur"]
[Date "2013.07.05"]
[Round "8"]
[White "Wang, Cesare"]
[Black "Pitzanti, Matteo"]
[Result "1/2-1/2"]
[WhiteElo "1724"]
[BlackElo "1708"]
[PlyCount "80"]
[EventDate "2013.06.30"]
[EventType "swiss"]
[EventRounds "9"]
[EventCountry "ITA"]
[SourceTitle "EXT 2024"]
[Source "ChessBase"]
[SourceDate "2023.10.10"]
[SourceVersion "1"]
[SourceVersionDate "2023.10.10"]
[SourceQuality "1"]

1. d4 Nf6 2. c4 g6 3. f3 Bg7 4. e4 d6 5. Nc3 0-0 6. Be3 c5 7. dxc5 dxc5 8. Bxc5 Qc7 9. Be3 Rd8 10. Qc2 Nc6 11. Nd5 Qb8 12. Bf4 e5 13. Bg5 Nd4 14. Qd2 Nxd5 15. cxd5 Re8 16. Ne2 f5 17. Nxd4 exd4 18. Bf4 Be5 19. Bxe5 Qxe5 20. 0-0-0 fxe4 21. Qxd4 Qg5+ 22. Kb1 Bf5 23. g4 Bd7 24. Bc4 Qe5 25. d6+ Kg7 26. fxe4 Rad8 27. h3 Bc6 28. Ka1 Qxd4 29. Rxd4 Rxe4 30. Rxe4 Bxe4 31. Rd1 Bg2 32. Rd3 Bf1 33. Rd4 Bxc4 34. Rxc4 Rxd6 35. Rc7+ Kh6 36. b3 Rb6 37. h4 g5 38. hxg5+ Kxg5 39. Rxh7 Kxg4 40. Kb2 Kg5 1/2-1/2

[Event "Modena Province-ch"]
[Site "Modena"]
[Date "2012.12.14"]
[Round "1"]
[White "Wang, Cesare"]
[Black "Di Trapani, Davide"]
[Result "0-1"]
[WhiteElo "1694"]
[BlackElo "2090"]
[PlyCount "60"]
[EventDate "2012.12.14"]
[EventType "swiss"]
[EventRounds "5"]
[EventCountry "ITA"]
[SourceTitle "EXT 2014"]
[Source "ChessBase"]
[SourceDate "2013.11.20"]
[SourceVersion "1"]
[SourceVersionDate "2013.11.20"]
[SourceQuality "1"]

1. d4 d5 2. c4 c6 3. Nf3 Nf6 4. e3 e6 5. Nc3 Nbd7 6. Qc2 Bd6 7. Bd3 0-0 8. 0-0 dxc4 9. Bxc4 a6 10. e4 e5 11. Rd1 Qc7 12. Bg5 exd4 13. Rxd4 Ng4 14. h3 Nge5 15. Nxe5 Nxe5 16. Be2 h6 17. Bh4 Ng6 18. Bg3 Bxg3 19. fxg3 Qxg3 20. Kh1 Bxh3 21. gxh3 Qxh3+ 22. Kg1 Qe3+ 23. Kh1 Qxd4 24. Rd1 Qf2 25. Rf1 Qh4+ 26. Kg1 Nf4 27. Bf3 Rad8 28. Ne2 Qg5+ 29. Kh2 Nxe2 30. Qxe2 Rd2 0-1

[Event "Giovanni Pico Cup 5th"]
[Site "Mirandola"]
[Date "2012.01.14"]
[Round "2"]
[White "Vincenzi, Marco"]
[Black "Wang, Cesare"]
[Result "1-0"]
[WhiteElo "2121"]
[BlackElo "1674"]
[PlyCount "98"]
[EventDate "2012.01.13"]
[EventType "swiss"]
[EventRounds "5"]
[EventCountry "ITA"]
[SourceTitle "EXT 2023"]
[Source "ChessBase"]
[SourceDate "2022.10.05"]
[SourceVersion "1"]
[SourceVersionDate "2022.10.05"]
[SourceQuality "1"]

1. e4 c6 2. d4 d5 3. e5 Bf5 4. Nf3 e6 5. Be2 Nd7 6. 0-0 c5 7. Be3 Qc7 8. c3 Bxb1 9. Rxb1 Ne7 10. c4 cxd4 11. Bxd4 dxc4 12. Rc1 Nc6 13. Bxc4 Be7 14. Bd3 Qd8 15. Bb1 0-0 16. Bc3 Qc7 17. Re1 Rad8 18. Qc2 g6 19. h4 Rfe8 20. h5 Bf8 21. Ng5 Bg7 22. f4 Nf8 23. Ne4 Nd4 24. Qf2 Nc6 25. Bb4 Qb6 26. Bc5 Qa5 27. Nd6 Re7 28. Nc4 Qa6 29. Bxe7 Nxe7 30. Nd6 f6 31. Rc7 Nd5 32. Rxb7 Qa4 33. Rxa7 Qxf4 34. Qxf4 Nxf4 35. hxg6 hxg6 36. Ne4 fxe5 37. b4 Rb8 38. a3 Nd5 39. Rf1 Rb6 40. Rff7 Bh6 41. Ba2 Rc6 42. Bxd5 exd5 43. Nc5 Rc8 44. Kf2 Rd8 45. b5 Rc8 46. Rfc7 Re8 47. b6 e4 48. b7 e3+ 49. Ke2 d4 1-0

[Event "Modena Province-ch 11"]
[Site "Modena"]
[Date "2010.12.10"]
[Round "1"]
[White "Setti, Roberto"]
[Black "Wang, Cesare"]
[Result "1-0"]
[WhiteElo "1901"]
[BlackElo "1488"]
[PlyCount "59"]
[EventDate "2010.12.10"]
[EventType "swiss"]
[EventRounds "5"]
[EventCountry "ITA"]
[SourceTitle "EXT 2024"]
[Source "ChessBase"]
[SourceDate "2023.10.10"]
[SourceVersion "1"]
[SourceVersionDate "2023.10.10"]
[SourceQuality "1"]

1. d4 d5 2. c4 c6 3. Nf3 Nf6 4. e3 Bf5 5. Qb3 Qc7 6. Nc3 e6 7. Nh4 Be4 8. f3 Bf5 9. Nxf5 exf5 10. cxd5 cxd5 11. Nxd5 Nxd5 12. Qxd5 g6 13. Bb5+ Nc6 14. Bd2 Bg7 15. Rc1 Rc8 16. Qc5 Qd8 17. 0-0 Bf8 18. Qe5+ Qe7 19. Qxh8 a6 20. Ba4 b5 21. Bb3 Qh4 22. d5 Kd7 23. dxc6+ Rxc6 24. Qxf8 Rxc1 25. Rxc1 Qf6 26. Bc3 Qb6 27. Rd1+ Kc7 28. Be5+ Kb7 29. Bd5+ Ka7 30. Qa8# 1-0